Germany's Borders Quiz Stats

 Plays Quiz Updated Oct 8, 2018

Also try: China's Borders
Challenge
Share
Tweet
Embed
Score 0/9 Timer 01:00
10 Plays Today
Country % Correct
France
96.5%
Poland
93.7%
Austria
92.9%
Switzerland
88.4%
Belgium
85.3%
The Netherlands
83.7%
Denmark
82%
Czechia
77.8%
Luxembourg
76.9%

You're not logged in!

Compare scores with friends on all Sporcle quizzes.
OR
Log In

You Might Also Like...

Show Comments

Extras

Top Quizzes Today


Score Distribution

Your Account Isn't Verified!

In order to create a playlist on Sporcle, you need to verify the email address you used during registration. Go to your Sporcle Settings to finish the process.

Report this User

Report this user for behavior that violates our Community Guidelines.

Details: